Effective Business Communication (Record no. 188342)

MARC details
000 -LEADER
fixed length control field 00559nam a2200217Ia 4500
008 - FIXED-LENGTH DATA ELEMENTS--GENERAL INFORMATION
fixed length control field 140306s9999 xx 000 0 und d
020 ## - INTERNATIONAL STANDARD BOOK NUMBER
International Standard Book Number 9788131505632
041 ## - LANGUAGE CODE
Language code of text/sound track or separate title eng
082 ## - DEWEY DECIMAL CLASSIFICATION NUMBER
Classification number 651.7
Item number KRI/EF
100 ## - MAIN ENTRY--PERSONAL NAME
Personal name Krizan, Bddy A C
245 ## - TITLE STATEMENT
Title Effective Business Communication
250 ## - EDITION STATEMENT
Edition statement 1st
260 ## - PUBLICATION, DISTRIBUTION, ETC. (IMPRINT)
Place of publication, distribution, etc. New Delhi
Name of publisher, distributor, etc. Cengage Learning
Date of publication, distribution, etc. 2008
300 ## - PHYSICAL DESCRIPTION
Extent 436
365 ## - TRADE PRICE
Price amount Rs.390/-
650 ## - SUBJECT ADDED ENTRY--TOPICAL TERM
Topical term or geographic name as entry element Principles of Business Communication
700 ## - ADDED ENTRY--PERSONAL NAME
Personal name Logan, Joyce
700 ## - ADDED ENTRY--PERSONAL NAME
Personal name Marrier, Patricia
700 ## - ADDED ENTRY--PERSONAL NAME
Personal name Williams, Karen
942 ## - ADDED ENTRY ELEMENTS (KOHA)
Source of classification or shelving scheme Dewey Decimal Classification
Koha item type Books (General)
Holdings
Withdrawn status Lost status Source of classification or shelving scheme Damaged status Not for loan Home library Current library Cost, normal purchase price Total Checkouts Full call number Date last seen Price effective from Koha item type
    Dewey Decimal Classification     College of Co-operation, Banking & Management Library, Vellanikkara College of Co-operation, Banking & Management Library, Vellanikkara 390.00   651.7 KRI/EF 22/03/2014 22/03/2014 Books (General)
Kerala Agricultural University Central Library
Thrissur-(Dt.), Kerala Pin:- 680656, India
Ph : (+91)(487) 2372219
E-mail: librarian@kau.in
Website: http://library.kau.in/